|
|
|
|
| LEADER |
00000nam a22000007a 4500 |
| 005 |
20141113184317.0 |
| 007 |
cr|||| |||| |
| 008 |
141113s2014 be |||||s|||| 00||0|fre d |
| 020 |
|
|
|a 978-2-87496-275-2
|
| 035 |
|
|
|a 12521
|
| 040 |
|
|
|a vLex
|
| 090 |
|
|
|c 5286
|d 5286
|
| 100 |
1 |
|
|a Darte, Dominique
|
| 245 |
1 |
0 |
|a Mat̋riser L'I.Soc (2014 - 2015)
|h [Recurso electrn̤ico] /
|c Dominique Darte, Yves Nol︠
|
| 256 |
|
|
|a Servicio en ln̕ea
|
| 260 |
|
|
|a [s.l.] :
|b Edipro,
|c 2014
|
| 300 |
|
|
|a 1 recurso electrn̤ico
|
| 506 |
1 |
|
|a Contenido disponible en los productos indicados
|d vLex Global
|d vLex Global (Academic Edition, excluding Law Schools)
|d vLex Global (U.S. Academic Edition, Law Schools)
|d vLex Global (U.S. Academic Edition, excluding Law Schools)
|d vLex Global (Academic Edition, Law Schools)
|
| 650 |
0 |
4 |
|a Contabilidad
|z Francia
|
| 740 |
0 |
|
|a vLex Libros (Servicio en ln̕ea)
|
| 856 |
4 |
0 |
|u http://vlex.com/source/ma-triser-l-i-soc-2014-2015--12521
|z Acceso restringido
|
| 942 |
|
|
|c BOOK
|
| 999 |
0 |
|
|a Accounting
|